8 mots dans mots : fer (mort subite) - Statistiques

Statistiques générales
  • Ce quiz a été pris 28 fois
  • Le résultat moyen est 5 sur 8
Answers on the Grid
Answers color-coded by a green-red scale on the quiz's grid according to % correct below.
Contre-trans---entiel
---ewall
Dédif---encier
In---merie
Anti---romagnétisme
Pré---entiellement
In---mer
Non-proli---ation
Suf---e
Indif---enciation
Con---mer
Désurchauf---
Ké---
Doubt---e
Raf---missement
Af---mativement
 
Statistiques - réponses
Réponse % Correct
Dédif---encier
77%
Contre-trans---entiel
65%
Pré---entiellement
65%
Raf---missement
65%
Désurchauf---
62%
Indif---enciation
58%
Non-proli---ation
54%
Anti---romagnétisme
38%
Aucun quiz correspondant
Distribution des résultats
% des personnes avec chaque résultat
Percentile par nombre de réponses
Votre historique - résultats
Vous n’avez pas pris ce quiz